header

Advances in artificial general intelligence (Record no. 234601)

MARC details
000 -LEADER
fixed length control field 01478nam a2200337Ia 4500
245 10 - TITLE STATEMENT
Title Advances in artificial general intelligence
260 ## - PUBLICATION, DISTRIBUTION, ETC. (IMPRINT)
Place of publication Amsterdam ;
-- Washington :
Name of publisher IOS Press,
Year of publication c2007.
300 ## - PHYSICAL DESCRIPTION
Number of Pages viii, 295 p. :
Other physical details ill.
490 1# - SERIES STATEMENT
Series statement Frontiers in artificial intelligence and applications ;
650 #0 - SUBJECT ADDED ENTRY--TOPICAL TERM
Topical Term Artificial intelligence
Topical Term Self-organizing systems.
700 1# - ADDED ENTRY--PERSONAL NAME
Personal name Goertzel, Ben.
Personal name Wang, Pei.
856 40 - ELECTRONIC LOCATION AND ACCESS
Uniform Resource Identifier http://site.ebrary.com/lib/rucke/Doc?id=10186856

No items available.

© 2026 Rongo University
Contact us: librarian | system librarian | Rongo university